Vtáky v záhrade

Guardado en:
Detalles Bibliográficos
Autor principal: Galambos, Tibor (Autor)
Otros Autores: Bindas, Bystrík (Orientador)
Formato: Manuscrito Libro
Lenguaje:eslovaco
Publicado: 2022
Materias:
Acceso en línea:http://is.stuba.sk/zp/portal_zp.pl?podrobnosti=148357
Etiquetas: Agregar Etiqueta
Sin Etiquetas, Sea el primero en etiquetar este registro!

MARC

LEADER 00000ntm a22000003a 4500
001 stuzp88130
003 SK-STU
005 20220625211147.0
007 ta
008 150427s2015----xo-----f-mn---000-0-slo-d
040 |a STU  |b slo 
041 0 |a slo 
100 1 |a Galambos, Tibor  |u 070400  |4 aut  |U FIIT Fakulta informatiky a informačných technológií  |T FIIT Ústav počítačového inžinierstva a aplikovanej informatiky  |X 96855  |U I400  |Y 672  |7 96855 
242 0 1 |a Birds in The Garden  |y eng 
245 1 0 |a Vtáky v záhrade 
260 |c 2022 
650 4 |a pozorovanie vtáctva  |2 slo 
650 4 |a vtáky  |2 slo 
650 4 |a android  |2 slo 
650 4 |a mobilná aplikácia  |2 slo 
650 4 |a birdwatching  |2 eng 
650 4 |a birds  |2 eng 
650 4 |a android  |2 eng 
650 4 |a mobile application  |2 eng 
700 1 |a Bindas, Bystrík  |u 070400  |k Z2  |4 ths  |U FIIT Fakulta informatiky a informačných technológií  |T FIIT Ústav počítačového inžinierstva a aplikovanej informatiky  |X 99233  |U I400  |Y 672  |7 99233 
856 4 |u http://is.stuba.sk/zp/portal_zp.pl?podrobnosti=148357